[Event "XLIV Memoriał Szachowy Ludwika Zamenhofa 2025, Grupa A"]
[Site "Białystok, Poland"]
[Date "2025.12.28"]
[Round "3.22"]
[White "Wites, Adam"]
[Black "Przybylski, Jan"]
[Result "1/2-1/2"]
[TimeControl "90'+30\""]
[WhiteElo "2017"]
[BlackElo "2152"]

1. e4 {[%clk 01:30:55]} {[%emt 00:00:02]} e6 {[%clk 01:30:53]} {[%emt
00:00:10]} 2. d4 {[%clk 01:31:21]} {[%emt 00:00:04]} d5 {[%clk 01:31:18]}
{[%emt 00:00:05]} 3. Nc3 {[%clk 01:31:47]} {[%emt 00:00:03]} Bb4 {[%clk
01:31:39]} {[%emt 00:00:10]} 4. e5 {[%clk 01:32:10]} {[%emt 00:00:07]} c5
{[%clk 01:31:39]} {[%emt 00:00:30]} 5. a3 {[%clk 01:32:34]} {[%emt 00:00:06]}
Bxc3+ {[%clk 01:31:56]} {[%emt 00:00:12]} 6. bxc3 {[%clk 01:33:00]} {[%emt
00:00:04]} Ne7 {[%clk 01:32:17]} {[%emt 00:00:09]} 7. Qg4 {[%clk 01:32:27]}
{[%emt 00:01:03]} O-O {[%clk 01:28:48]} {[%emt 00:04:00]} 8. Bg5 {[%clk
01:26:05]} {[%emt 00:06:52]} Qc7 {[%clk 01:20:14]} {[%emt 00:09:04]} 9. Ne2
{[%clk 01:17:11]} {[%emt 00:09:23]} Nbc6 {[%clk 01:07:06]} {[%emt 00:13:39]} 10.
h4 {[%clk 01:07:30]} {[%emt 00:10:10]} cxd4 {[%clk 00:57:16]} {[%emt 00:10:20]}
11. cxd4 {[%clk 01:07:01]} {[%emt 00:00:59]} Nf5 {[%clk 00:55:29]} {[%emt
00:02:18]} 12. c3 {[%clk 01:04:54]} {[%emt 00:02:37]} Kh8 {[%clk 00:50:50]}
{[%emt 00:05:08]} 13. Qh3 {[%clk 00:53:55]} {[%emt 00:11:29]} f6 {[%clk
00:36:22]} {[%emt 00:14:59]} 14. g4 {[%clk 00:48:58]} {[%emt 00:05:26]} Nfe7
{[%clk 00:31:04]} {[%emt 00:05:49]} 15. Qf3 {[%clk 00:45:15]} {[%emt 00:04:13]}
Ng8 {[%clk 00:27:32]} {[%emt 00:04:02]} 16. h5 {[%clk 00:40:48]} {[%emt
00:04:57]} Bd7 {[%clk 00:23:39]} {[%emt 00:04:23]} 17. exf6 {[%clk 00:30:25]}
{[%emt 00:10:51]} gxf6 {[%clk 00:23:39]} {[%emt 00:00:32]} 18. Bd2 {[%clk
00:29:41]} {[%emt 00:01:13]} e5 {[%clk 00:22:05]} {[%emt 00:02:05]} 19. Qxd5
{[%clk 00:27:00]} {[%emt 00:03:11]} Bxg4 {[%clk 00:18:12]} {[%emt 00:04:23]} 20.
Qg2 {[%clk 00:21:05]} {[%emt 00:06:24]} Bxe2 {[%clk 00:11:15]} {[%emt
00:07:27]} 21. Bxe2 {[%clk 00:21:28]} {[%emt 00:00:08]} exd4 {[%clk 00:11:37]}
{[%emt 00:00:09]} 22. h6 {[%clk 00:18:06]} {[%emt 00:03:50]} Rae8 {[%clk
00:07:34]} {[%emt 00:04:34]} 23. Kf1 {[%clk 00:16:29]} {[%emt 00:02:07]} dxc3
{[%clk 00:04:57]} {[%emt 00:03:06]} 24. Be3 {[%clk 00:13:30]} {[%emt 00:03:29]}
Ne5 {[%clk 00:04:07]} {[%emt 00:01:21]} 25. Bc5 {[%clk 00:08:47]} {[%emt
00:05:13]} Ng6 {[%clk 00:02:38]} {[%emt 00:01:58]} 26. Bxf8 {[%clk 00:08:33]}
{[%emt 00:00:44]} Rxf8 {[%clk 00:03:07]} {[%emt 00:00:01]} 27. Bd3 {[%clk
00:06:47]} {[%emt 00:02:17]} N8e7 {[%clk 00:03:17]} {[%emt 00:00:20]} 28. Qe4
{[%clk 00:05:49]} {[%emt 00:01:26]} Rd8 {[%clk 00:02:34]} {[%emt 00:01:14]} 29.
Rh3 {[%clk 00:02:48]} {[%emt 00:03:30]} Nd5 {[%clk 00:00:56]} {[%emt 00:02:09]}
30. Bc4 {[%clk 00:01:08]} {[%emt 00:02:10]} Ndf4 {[%clk 00:01:01]} {[%emt
00:00:26]} 31. Rxc3 {[%emt 00:00:29]} Rc8 {[%clk 00:00:37]} {[%emt 00:00:53]}
32. Qf5 {[%clk 00:01:18]} {[%emt 00:00:22]} Qc6 {[%clk 00:00:47]} {[%emt
00:00:20]} 33. f3 {[%clk 00:00:34]} {[%emt 00:01:13]} b5 {[%clk 00:00:45]}
{[%emt 00:00:32]} 34. Rd1 {[%clk 00:00:33]} {[%emt 00:00:31]} bxc4 {[%clk
00:00:44]} {[%emt 00:00:31]} 35. Rd4 {[%clk 00:00:46]} {[%emt 00:00:17]} Rb8
{[%clk 00:00:32]} {[%emt 00:00:42]} 36. Rdxc4 {[%clk 00:00:34]} {[%emt
00:00:42]} Qa6 {[%clk 00:00:41]} {[%emt 00:00:21]} 37. a4 {[%clk 00:00:34]}
{[%emt 00:00:31]} Rf8 {[%clk 00:00:42]} {[%emt 00:00:29]} 38. Qd7 {[%clk
00:00:50]} {[%emt 00:00:12]} Rg8 {[%clk 00:00:45]} {[%emt 00:00:29]} 39. Qc6
{[%clk 00:00:32]} {[%emt 00:00:48]} Qxc6 {[%clk 00:00:56]} {[%emt 00:00:18]} 40.
Rxc6 {[%clk 00:01:02]} Nd5 {[%clk 00:00:58]} {[%emt 00:00:28]} 41. R3c5 {[%clk
00:01:05]} {[%emt 00:00:24]} Nge7 {[%clk 00:00:59]} {[%emt 00:00:31]} 42. Rd6
{[%clk 00:00:57]} {[%emt 00:00:35]} Rb8 {[%clk 00:00:36]} {[%emt 00:00:57]} 43.
Rcxd5 {[%clk 00:00:52]} {[%emt 00:00:35]} Nxd5 {[%clk 00:01:05]} 44. Rxd5
{[%clk 00:01:21]} Kg8 {[%clk 00:01:24]} {[%emt 00:00:12]} 45. Rd7 {[%clk
00:01:39]} {[%emt 00:00:09]} a5 {[%clk 00:01:30]} {[%emt 00:00:26]} 46. Rg7+
{[%clk 00:00:47]} {[%emt 00:01:21]} Kh8 {[%clk 00:00:54]} {[%emt 00:01:08]} 47.
Ra7 {[%clk 00:00:45]} {[%emt 00:00:31]} Kg8 {[%clk 00:01:21]} {[%emt 00:00:03]}
48. Rxa5 {[%clk 00:00:43]} {[%emt 00:00:32]} Kf7 {[%clk 00:01:46]} {[%emt
00:00:05]} 49. Kf2 {[%clk 00:00:32]} {[%emt 00:00:42]} Kg6 {[%clk 00:01:41]}
{[%emt 00:00:35]} 50. Ra6 {[%clk 00:00:39]} {[%emt 00:00:22]} Rb3 {[%clk
00:01:28]} {[%emt 00:00:43]} 51. Kg3 {[%clk 00:00:44]} {[%emt 00:00:25]} Kg5
{[%clk 00:01:35]} {[%emt 00:00:23]} 52. Ra8 {[%clk 00:00:37]} {[%emt 00:00:37]}
Kxh6 {[%clk 00:01:20]} {[%emt 00:00:45]} 53. Kf4 {[%clk 00:00:37]} {[%emt
00:00:30]} Kg6 {[%clk 00:01:25]} {[%emt 00:00:26]} 54. Rg8+ {[%clk 00:00:47]}
{[%emt 00:00:19]} Kf7 {[%clk 00:01:39]} {[%emt 00:00:16]} 55. Rg4 {[%clk
00:00:38]} {[%emt 00:00:39]} Ke6 {[%clk 00:01:48]} {[%emt 00:00:22]} 56. Rh4
{[%clk 00:00:43]} {[%emt 00:00:24]} Ra3 {[%clk 00:02:10]} {[%emt 00:00:08]} 57.
Kg3 {[%clk 00:00:59]} {[%emt 00:00:14]} Ra1 {[%clk 00:01:44]} {[%emt 00:00:56]}
58. Rb4 {[%clk 00:01:01]} {[%emt 00:00:28]} Kf5 {[%clk 00:01:34]} {[%emt
00:00:40]} 59. Rb5+ {[%clk 00:01:22]} {[%emt 00:00:10]} Kg6 {[%clk 00:01:56]}
{[%emt 00:00:07]} 60. Ra5 {[%clk 00:00:43]} {[%emt 00:01:10]} Ra3 {[%clk
00:01:57]} {[%emt 00:00:28]} 61. Ra8 {[%clk 00:01:05]} {[%emt 00:00:07]} Kg5
{[%clk 00:00:53]} {[%emt 00:01:35]} 62. a5 {[%clk 00:01:13]} {[%emt 00:00:23]}
h5 {[%clk 00:01:02]} {[%emt 00:00:20]} 63. Rg8+ {[%clk 00:01:34]} {[%emt
00:00:09]} Kf5 {[%clk 00:00:53]} {[%emt 00:00:38]} 64. Rh8 {[%clk 00:01:42]}
{[%emt 00:00:23]} Kg5 {[%clk 00:01:07]} {[%emt 00:00:16]} 65. Rg8+ {[%clk
00:02:06]} {[%emt 00:00:07]} Kf5 {[%clk 00:01:33]} {[%emt 00:00:03]} 1/2-1/2

[Event "XLIV Memoriał Szachowy Ludwika Zamenhofa 2025, Grupa A"]
[Site "Białystok, Poland"]
[Date "2025.12.28"]
[Round "3.23"]
[White "Buklaho, Ignacy"]
[Black "Trybus, Daniel"]
[Result "1-0"]
[TimeControl "90'+30\""]
[WhiteElo "2049"]
[BlackElo "2151"]

1. c4 {[%clk 01:30:58]} {[%emt 00:00:01]} f5 {[%clk 01:10:26]} {[%emt
00:20:34]} 2. Nc3 {[%clk 01:31:17]} {[%emt 00:00:12]} Nf6 {[%clk 01:10:40]}
{[%emt 00:00:16]} 3. g3 {[%clk 01:31:38]} {[%emt 00:00:10]} g6 {[%clk
01:11:06]} {[%emt 00:00:03]} 4. Bg2 {[%clk 01:32:02]} {[%emt 00:00:06]} Bg7
{[%clk 01:11:32]} {[%emt 00:00:04]} 5. Nf3 {[%clk 01:32:24]} {[%emt 00:00:08]}
O-O {[%clk 01:11:57]} {[%emt 00:00:05]} 6. O-O {[%clk 01:32:49]} {[%emt
00:00:05]} d6 {[%clk 01:12:15]} {[%emt 00:00:11]} 7. d4 {[%clk 01:33:06]}
{[%emt 00:00:13]} Qe8 {[%clk 01:12:31]} {[%emt 00:00:14]} 8. Re1 {[%clk
01:29:40]} {[%emt 00:03:57]} e5 {[%clk 01:10:30]} {[%emt 00:02:30]} 9. dxe5
{[%clk 01:28:43]} {[%emt 00:01:28]} dxe5 {[%clk 01:10:48]} {[%emt 00:00:12]} 10.
e4 {[%clk 01:29:00]} {[%emt 00:00:13]} f4 {[%clk 01:02:13]} {[%emt 00:09:05]}
11. gxf4 {[%clk 01:26:45]} {[%emt 00:02:45]} exf4 {[%clk 01:01:41]} {[%emt
00:01:02]} 12. e5 {[%clk 01:26:48]} {[%emt 00:00:27]} Nh5 {[%clk 00:59:55]}
{[%emt 00:02:15]} 13. Nd5 {[%clk 01:26:33]} {[%emt 00:00:45]} Qd8 {[%clk
00:48:38]} {[%emt 00:11:47]} 14. e6 {[%clk 01:20:55]} {[%emt 00:06:10]} Qd6
{[%clk 00:41:53]} {[%emt 00:07:14]} 15. e7 {[%clk 01:18:15]} {[%emt 00:03:10]}
Re8 {[%clk 00:42:08]} {[%emt 00:00:15]} 16. Ng5 {[%clk 01:18:33]} {[%emt
00:00:12]} Na6 {[%clk 00:23:11]} {[%emt 00:19:28]} 17. c5 {[%clk 01:11:38]}
{[%emt 00:07:24]} Nxc5 {[%clk 00:20:22]} {[%emt 00:03:20]} 18. Nxc7 {[%clk
01:10:35]} {[%emt 00:01:32]} Qxd1 {[%clk 00:16:44]} {[%emt 00:04:08]} 19. Rxd1
{[%clk 01:10:57]} {[%emt 00:00:08]} Bg4 {[%clk 00:16:09]} {[%emt 00:01:06]} 20.
f3 {[%clk 01:10:03]} {[%emt 00:01:23]} Bf5 {[%clk 00:14:38]} {[%emt 00:02:01]}
21. Nxa8 {[%clk 01:10:16]} {[%emt 00:00:17]} Bf6 {[%clk 00:14:46]} {[%emt
00:00:22]} 22. Rd8 {[%clk 01:09:17]} {[%emt 00:01:29]} Rxd8 {[%clk 00:12:26]}
{[%emt 00:02:50]} 23. exd8=Q+ {[%clk 01:09:34]} {[%emt 00:00:13]} Bxd8 {[%clk
00:12:53]} {[%emt 00:00:03]} 24. Bh3 {[%clk 01:09:27]} {[%emt 00:00:37]} Bxg5
{[%clk 00:12:41]} {[%emt 00:00:42]} 25. Bxf5 {[%clk 01:09:56]} {[%emt
00:00:01]} gxf5 {[%clk 00:13:05]} {[%emt 00:00:06]} 26. Nc7 {[%clk 01:10:03]}
{[%emt 00:00:23]} Nd3 {[%clk 00:13:11]} {[%emt 00:00:25]} 27. Nd5 {[%clk
01:08:58]} {[%emt 00:01:34]} Kf7 {[%clk 00:13:29]} {[%emt 00:00:11]} 28. Kf1
{[%clk 01:08:50]} {[%emt 00:00:39]} Nf6 {[%clk 00:12:45]} {[%emt 00:01:13]} 29.
Nc3 {[%clk 01:08:12]} {[%emt 00:01:08]} Nd7 {[%clk 00:12:37]} {[%emt 00:00:37]}
30. Ke2 {[%clk 01:07:39]} {[%emt 00:01:04]} N7e5 {[%clk 00:12:51]} {[%emt
00:00:16]} 31. b3 {[%clk 01:07:52]} {[%emt 00:00:18]} Nb4 {[%clk 00:11:39]}
{[%emt 00:01:42]} 32. Bb2 {[%clk 01:06:10]} {[%emt 00:02:13]} Nbd3 {[%clk
00:08:57]} {[%emt 00:03:11]} 33. Ba3 {[%clk 01:05:23]} {[%emt 00:01:17]} h5
{[%clk 00:08:57]} {[%emt 00:00:29]} 34. Rd1 {[%clk 01:05:21]} {[%emt 00:00:33]}
1-0

[Event "XLIV Memoriał Szachowy Ludwika Zamenhofa 2025, Grupa A"]
[Site "Białystok, Poland"]
[Date "2025.12.28"]
[Round "3.24"]
[White "Kondys, Piotr"]
[Black "Haladaj, Adam"]
[Result "1/2-1/2"]
[TimeControl "90'+30\""]
[WhiteElo "2136"]
[BlackElo "2062"]

1. e4 {[%clk 01:30:51]} {[%emt 00:00:07]} c6 {[%clk 01:29:42]} {[%emt
00:01:20]} 2. d4 {[%clk 01:30:49]} {[%emt 00:00:31]} d5 {[%clk 01:30:09]}
{[%emt 00:00:05]} 3. exd5 {[%clk 01:31:08]} {[%emt 00:00:10]} cxd5 {[%clk
01:30:36]} {[%emt 00:00:04]} 4. Bd3 {[%clk 01:31:19]} {[%emt 00:00:18]} Nf6
{[%clk 01:31:01]} {[%emt 00:00:05]} 5. c3 {[%clk 01:31:37]} {[%emt 00:00:11]}
Bg4 {[%clk 01:31:26]} {[%emt 00:00:05]} 6. Qb3 {[%clk 01:31:55]} {[%emt
00:00:11]} Qc7 {[%clk 01:31:46]} {[%emt 00:00:12]} 7. h3 {[%clk 01:32:02]}
{[%emt 00:00:22]} Bd7 {[%clk 01:30:43]} {[%emt 00:01:34]} 8. Nf3 {[%clk
01:31:46]} {[%emt 00:00:45]} e6 {[%clk 01:23:22]} {[%emt 00:07:52]} 9. O-O
{[%clk 01:31:47]} {[%emt 00:00:27]} Bd6 {[%clk 01:23:49]} {[%emt 00:00:05]} 10.
Re1 {[%clk 01:31:30]} {[%emt 00:00:46]} Bc6 {[%clk 01:23:38]} {[%emt 00:00:42]}
11. Qd1 {[%clk 01:31:08]} {[%emt 00:00:51]} Nbd7 {[%clk 01:23:43]} {[%emt
00:00:26]} 12. Nbd2 {[%clk 01:30:48]} {[%emt 00:00:49]} O-O {[%clk 01:19:40]}
{[%emt 00:04:34]} 13. Qe2 {[%clk 01:27:32]} {[%emt 00:03:46]} Rfe8 {[%clk
01:19:13]} {[%emt 00:00:57]} 14. Ne5 {[%clk 01:27:26]} {[%emt 00:00:35]} Bxe5
{[%clk 01:11:45]} {[%emt 00:07:59]} 15. dxe5 {[%clk 01:27:33]} {[%emt
00:00:22]} Ne4 {[%clk 01:12:09]} {[%emt 00:00:07]} 16. Nxe4 {[%clk 01:25:39]}
{[%emt 00:02:23]} dxe4 {[%clk 01:12:35]} {[%emt 00:00:05]} 17. Bxe4 {[%clk
01:25:50]} {[%emt 00:00:18]} Qxe5 {[%clk 01:12:05]} {[%emt 00:01:01]} 18. Bxh7+
{[%clk 01:20:21]} {[%emt 00:05:58]} Kxh7 {[%clk 01:12:10]} {[%emt 00:00:26]} 19.
Qxe5 {[%clk 01:20:35]} {[%emt 00:00:15]} Nxe5 {[%clk 01:12:35]} {[%emt
00:00:06]} 20. Rxe5 {[%clk 01:20:56]} {[%emt 00:00:09]} Rad8 {[%clk 01:12:52]}
{[%emt 00:00:13]} 21. Rh5+ {[%clk 01:13:04]} {[%emt 00:08:21]} Kg6 {[%clk
01:13:00]} {[%emt 00:00:22]} 22. Rg5+ {[%clk 01:12:58]} {[%emt 00:00:37]} Kh7
{[%clk 01:13:25]} {[%emt 00:00:05]} 23. Be3 {[%clk 01:13:10]} {[%emt 00:00:18]}
a6 {[%clk 01:13:41]} {[%emt 00:00:15]} 24. c4 {[%clk 00:58:58]} {[%emt
00:14:41]} e5 {[%clk 01:12:41]} {[%emt 00:01:30]} 25. Re1 {[%clk 00:56:49]}
{[%emt 00:02:38]} f6 {[%clk 01:12:48]} {[%emt 00:00:24]} 26. Rg3 {[%clk
00:56:24]} {[%emt 00:00:54]} Rd3 {[%clk 01:11:14]} {[%emt 00:02:04]} 27. Kh2
{[%clk 00:56:15]} {[%emt 00:00:39]} Red8 {[%clk 01:10:37]} {[%emt 00:01:08]} 28.
Bc1 {[%clk 00:55:53]} {[%emt 00:00:52]} Rd1 {[%clk 01:07:07]} {[%emt 00:04:00]}
29. Rge3 {[%clk 00:54:52]} {[%emt 00:01:30]} R8d4 {[%clk 01:04:17]} {[%emt
00:03:20]} 30. b3 {[%clk 00:53:32]} {[%emt 00:01:50]} a5 {[%clk 01:02:56]}
{[%emt 00:01:52]} 31. Rxd1 {[%clk 00:46:50]} {[%emt 00:07:11]} Rxd1 {[%clk
01:03:22]} {[%emt 00:00:06]} 32. Rc3 {[%clk 00:47:11]} {[%emt 00:00:08]} Be4
{[%clk 00:57:14]} {[%emt 00:06:38]} 33. Be3 {[%clk 00:42:56]} {[%emt 00:04:44]}
Bb1 {[%clk 00:56:28]} {[%emt 00:01:18]} 34. a3 {[%clk 00:41:18]} {[%emt
00:02:06]} Rd3 {[%clk 00:56:46]} {[%emt 00:00:13]} 35. Rxd3 {[%clk 00:40:46]}
{[%emt 00:01:01]} Bxd3 {[%clk 00:57:13]} {[%emt 00:00:05]} 36. c5 {[%clk
00:40:57]} {[%emt 00:00:18]} Bc2 {[%clk 00:57:07]} {[%emt 00:00:36]} 37. b4
{[%clk 00:40:36]} {[%emt 00:00:51]} axb4 {[%clk 00:57:31]} {[%emt 00:00:06]} 38.
axb4 {[%clk 00:41:05]} Bd3 {[%emt 00:07:34]} 39. f4 {[%clk 00:34:09]} exf4
{[%clk 00:56:11]} {[%emt 00:02:12]} 40. Bxf4 {[%clk 00:34:16]} {[%emt
00:00:23]} Kg6 {[%clk 00:54:15]} {[%emt 00:02:27]} 41. g4 {[%clk 00:33:26]}
{[%emt 00:01:18]} Kf7 {[%clk 00:52:53]} {[%emt 00:01:54]} 42. h4 {[%clk
00:32:20]} {[%emt 00:01:35]} Ke6 {[%clk 00:48:31]} {[%emt 00:04:52]} 43. Kg3
{[%clk 00:31:11]} {[%emt 00:01:38]} Be2 {[%clk 00:48:43]} {[%emt 00:00:19]} 44.
Bc7 {[%clk 00:29:58]} {[%emt 00:01:42]} f5 {[%clk 00:46:46]} {[%emt 00:02:29]}
45. g5 {[%clk 00:29:11]} {[%emt 00:01:15]} g6 {[%clk 00:47:12]} {[%emt
00:00:05]} 46. Kf2 {[%clk 00:27:27]} {[%emt 00:02:14]} Bb5 {[%clk 00:46:26]}
{[%emt 00:01:14]} 47. Ke3 {[%clk 00:27:49]} {[%emt 00:00:09]} Kd5 {[%clk
00:41:53]} {[%emt 00:05:04]} 48. Bg3 {[%clk 00:23:18]} {[%emt 00:05:00]} Ba4
{[%clk 00:37:22]} {[%emt 00:05:02]} 49. Kf4 {[%clk 00:19:49]} {[%emt 00:03:59]}
Bd1 {[%clk 00:36:11]} {[%emt 00:01:42]} 50. Ke3 {[%clk 00:19:28]} {[%emt
00:00:50]} Kc4 {[%clk 00:34:17]} {[%emt 00:02:24]} 51. Be1 {[%clk 00:19:51]}
{[%emt 00:00:07]} Bg4 {[%clk 00:31:42]} {[%emt 00:03:04]} 52. Kf4 {[%clk
00:20:14]} {[%emt 00:00:07]} Kd5 {[%clk 00:30:29]} {[%emt 00:01:44]} 53. Bf2
{[%clk 00:20:41]} {[%emt 00:00:04]} Kc4 {[%clk 00:30:16]} {[%emt 00:00:43]} 54.
Be1 {[%clk 00:20:52]} {[%emt 00:00:19]} Kd5 {[%clk 00:30:39]} {[%emt 00:00:07]}
55. Ke3 {[%clk 00:21:09]} {[%emt 00:00:13]} Kc4 {[%clk 00:30:44]} {[%emt
00:00:24]} 56. Bd2 {[%clk 00:19:47]} {[%emt 00:01:52]} Bd1 {[%clk 00:30:56]}
{[%emt 00:00:18]} 57. Kf2 {[%clk 00:19:52]} {[%emt 00:00:24]} Bg4 {[%clk
00:31:11]} {[%emt 00:00:15]} 58. Kg3 {[%clk 00:16:02]} {[%emt 00:04:22]} Kb5
{[%clk 00:28:49]} {[%emt 00:02:51]} 59. Kf4 {[%clk 00:15:02]} {[%emt 00:01:29]}
b6 {[%clk 00:29:12]} {[%emt 00:00:08]} 60. Be3 {[%clk 00:12:17]} {[%emt
00:03:15]} bxc5 {[%clk 00:29:35]} {[%emt 00:00:07]} 61. bxc5 {[%clk 00:11:13]}
{[%emt 00:01:34]} Kc6 {[%clk 00:30:00]} {[%emt 00:00:05]} 62. Ke5 {[%clk
00:11:40]} {[%emt 00:00:03]} Bh5 {[%clk 00:30:09]} {[%emt 00:00:21]} 63. Kd4
{[%clk 00:12:09]} {[%emt 00:00:01]} Bg4 {[%clk 00:30:31]} {[%emt 00:00:08]} 64.
Bf4 {[%clk 00:12:36]} {[%emt 00:00:03]} Bh5 {[%clk 00:30:55]} {[%emt 00:00:06]}
65. Bd6 {[%clk 00:13:03]} {[%emt 00:00:03]} Bg4 {[%clk 00:31:19]} {[%emt
00:00:06]} 66. Ke5 {[%clk 00:13:30]} {[%emt 00:00:04]} Bh5 {[%clk 00:31:44]}
{[%emt 00:00:04]} 67. Kf6 {[%clk 00:13:58]} {[%emt 00:00:03]} f4 {[%clk
00:32:05]} {[%emt 00:00:09]} 1/2-1/2

[Event "XLIV Memoriał Szachowy Ludwika Zamenhofa 2025, Grupa A"]
[Site "Białystok, Poland"]
[Date "2025.12.28"]
[Round "4.1"]
[White "Nasuta, Grzegorz"]
[Black "Piesik, Piotr"]
[Result "1/2-1/2"]
[TimeControl "90'+30\""]
[WhiteElo "2498"]
[BlackElo "2407"]

1. e4 {[%clk 01:30:58]} {[%emt 00:00:01]} e5 {[%clk 01:27:38]} {[%emt
00:03:23]} 2. Nf3 {[%clk 01:30:57]} {[%emt 00:00:30]} Nf6 {[%clk 01:28:00]}
{[%emt 00:00:08]} 3. d4 {[%clk 01:30:01]} {[%emt 00:01:26]} Nxe4 {[%clk
01:28:14]} {[%emt 00:00:15]} 4. Bd3 {[%clk 01:30:17]} {[%emt 00:00:14]} d5
{[%clk 01:28:26]} {[%emt 00:00:19]} 5. Nxe5 {[%clk 01:30:02]} {[%emt 00:00:45]}
Nd7 {[%clk 01:28:39]} {[%emt 00:00:16]} 6. Nxd7 {[%clk 01:29:30]} {[%emt
00:01:03]} Bxd7 {[%clk 01:28:40]} {[%emt 00:00:30]} 7. O-O {[%clk 01:29:32]}
{[%emt 00:00:27]} Bd6 {[%clk 01:28:03]} {[%emt 00:01:08]} 8. Qh5 {[%clk
01:29:23]} {[%emt 00:00:38]} Nf6 {[%clk 01:15:26]} {[%emt 00:13:07]} 9. Re1+
{[%clk 01:29:34]} {[%emt 00:00:19]} Be7 {[%clk 01:15:13]} {[%emt 00:00:43]} 10.
Qe2 {[%clk 01:29:25]} {[%emt 00:00:38]} Bg4 {[%clk 01:11:17]} {[%emt 00:04:27]}
11. Qe5 {[%clk 01:10:51]} {[%emt 00:19:03]} Be6 {[%clk 01:01:08]} {[%emt
00:10:40]} 12. Bf4 {[%clk 01:09:55]} {[%emt 00:01:24]} Bd6 {[%clk 00:59:28]}
{[%emt 00:02:12]} 13. Bb5+ {[%clk 01:06:25]} {[%emt 00:04:00]} Ke7 {[%clk
00:59:39]} {[%emt 00:00:19]} 14. Qe3 {[%clk 01:01:25]} {[%emt 00:05:29]} Bxf4
{[%clk 00:59:36]} {[%emt 00:00:34]} 15. Qxf4 {[%clk 01:01:48]} {[%emt
00:00:08]} Qd6 {[%clk 00:59:58]} {[%emt 00:00:06]} 1/2-1/2